Về xây dựng Đảng
Một số bài viết của lê duẩn về công tác xây dựng Đảng từ năm 1960 đến nay, trình bày đường lối, quan điểm xây dựng Đảng, đặc điểm, nhiệm vụ lịch sử mới mẻ và nặng nề của Đảng trong điều kiện Đảng nắm chính quyền...
Guardat en:
| Autor principal: | |
|---|---|
| Format: | Llibre |
| Publicat: |
H.
Sự thật
1978
|
| Matèries: | |
| Etiquetes: |
Afegir etiqueta
Sense etiquetes, Sigues el primer a etiquetar aquest registre!
|
| Thư viện lưu trữ: | Trung tâm Học liệu Lê Vũ Hùng, Trường Đại học Đồng Tháp |
|---|
| LEADER | 01197pam a22002538a 4500 | ||
|---|---|---|---|
| 001 | 00000203 | ||
| 005 | 20171026081022.0 | ||
| 008 | 110318s1978 ||||||Viesd | ||
| 041 | 0 | # | |a Vie |
| 082 | 1 | 4 | |a 335.434 613 |b V250X |
| 100 | 0 | # | |a Lê Duẩn |
| 245 | 0 | 0 | |a Về xây dựng Đảng |c Lê Duẩn |
| 260 | # | # | |a H. |b Sự thật |c 1978 |
| 300 | # | # | |a 404 tr. |c 20 cm. |
| 520 | 3 | # | |a Một số bài viết của lê duẩn về công tác xây dựng Đảng từ năm 1960 đến nay, trình bày đường lối, quan điểm xây dựng Đảng, đặc điểm, nhiệm vụ lịch sử mới mẻ và nặng nề của Đảng trong điều kiện Đảng nắm chính quyền |
| 650 | # | 4 | |a Xây dựng Đảng cộng sản Việt Nam |
| 653 | # | # | |a Xây dựng Đảng |a Đảng cộng sản Việt Nam |
| 700 | 0 | # | |a Lê Duẩn |
| 852 | # | # | |b Kho mượn |j KM.0000451, KM.0000642 |
| 852 | # | # | |b Kho đọc |j KD.0000083, KM.0000642 |
| 852 | # | # | |j KM.0000451 |j KD.0000083 |j KM.0000642 |
| 910 | |d 18/03/2011 | ||
| 980 | # | # | |a Trung tâm Học liệu Lê Vũ Hùng, Trường Đại học Đồng Tháp |